| 000 | 00869nam a2200253Ia 4500 | ||
|---|---|---|---|
| 003 | OSt | ||
| 005 | 20221005113039.0 | ||
| 006 | a|||||r|||| 00| 0 | ||
| 007 | ta | ||
| 008 | 221004b |||||||| |||| 00| 0 pan d | ||
| 020 |
_a81876541819 (hbk) _c290 |
||
| 024 | _a5450 | ||
| 037 |
_b707, 14/06/2013, H.K. Prakashan _cTextual |
||
| 040 |
_aCRL _cCRL _bpan |
||
| 041 |
_2pan _apan |
||
| 082 | _aO153,3x, Q0 | ||
| 100 | _aਪੰਜਾਬੀ, ਰਾਜਵੰਤ ਕੌਰ | ||
| 245 | 0 | _aਗ਼ੁਬਾਨ ਦਾ ਕ਼ਤਲ | |
| 260 |
_aਦਿੱਲੀ _bਮਨਪ਼ੀਤ ਪ੍ਰਕਾFਨ ਭਾਰਤ _c2010 |
||
| 300 |
_a142ਪੰ _ccm. |
||
| 650 | _aਪੰਜਾਬੀ ਸਾਹਿਤ | ||
| 942 |
_hO153,3x, Q0 _cTEXL _2cc |
||
| 999 |
_c1026877 _d1026877 |
||